01988nam a22002057a 4500003000400000005001700004008004100021020001800062040001400080041000800094082001900102100003000121245003500151250001200186264003400198300003900232490008300271521138600354700004201740OSt20240425161614.0240425b ||||| |||| 00| 0 eng d a9789584263599 cCO-Mq BPB aspa a828.914 bD37l aDiski, Jennyd1947eautor aLo que no sé de los animales a1a. ed. aBogotá: bSeix Barralc2017 a427 páginasbTapa rusticac23 cm aPlan Nacional de Lectura y Escritura Leer es mi Cuento / Ministerio de Cultura aLo que no sé de los animales - Jenny Diski"¿Qué sé de los animales?" Para responderse a esta cuestión, Jenny Diski empezó a escribir este libro. A través de su experiencia personal, del estudio y la investigación, se sumerge en temas tan dispares como la observación de elefantes en Kenia, los peluches de su infancia o la relación que tenía Jacques Derrida con su mascota. Cualquier enfoque en sus manos es una retadora invitación a considerar nuestra relación y actitud hacia ellos.Sutil, inteligente, lúcido e irónico, este agudo y reflexivo ensayo sobre la ética con la que tratamos a los animales es una combinación perfecta de ingenio lingüístico, erudición e implicación personal. Mezcla de memoir, libro de viajes y crítica —los tres grandes fuertes de Jenny Diski—, Lo que no sé de los animales presenta la habitual ausencia de fronteras entre lo ensayístico y lo autobiográfico que encontramos en la obra de esta ilustre pensadora.Admirada por la crítica y galardonada con el Thomas Cook Travel Book Award y el. R. Ackerley Prize, Diski, una escritora "extraordinaria" (Mail On Sunday), "magnífica" (New Statesman), "increíblemente inteligente" (The Guardian) e "inimitable, sorprendente y maravillosa" (The Daily Telegraph), se ha erigido como baluarte de la literatura inglesa del último tercio del siglo XX. aLomana, Íñigo F.d2017etraductor